| 000 | 01047cab a2200289 4500 | ||
|---|---|---|---|
| 001 | E88768 | ||
| 008 | 090401t1997 xxu||||| |||| 00| 0 eng d | ||
| 035 | _a(Sirsi) u83156 | ||
| 041 | _aeng | ||
| 245 | _aAnderson v Williamson | ||
| 260 | _c1997 | ||
| 350 | _a0 | ||
| 490 |
_aScots Law Times _v1997 SLT(Land CT) 46-50(5) |
||
| 520 | _aScottish Land Court. 1 May 1997. Landlord and tenant - croft - acquisition by crofter - conditions to be imposed - landlord`s reservation of minerals - right to work minerals - access to work minerals - reservation of right of access in landlord`s favour over croft - Crofters (Scotland) Act 1993 (c 44), s 12(3)(c) and sced 2, condition 11. | ||
| 650 | _aCROFTERS (SCOTLAND) ACT 1993 | ||
| 650 |
_aLANDLORD AND TENANT _96252 |
||
| 650 | _aMINERAL WORKINGS | ||
| 650 | _aMINERALS | ||
| 650 | _aRIGHT OF ACCESS | ||
| 650 | _aSCOTLAND | ||
| 650 | _aSCOTS LAW | ||
| 650 | _aSCOTTISH LAND COURT | ||
| 650 | _aSLC | ||
| 690 | _aMINING AND MINERALS-CASE LAW | ||
| 942 | _n0 | ||
| 948 | _c16/01/1998 | ||
| 999 |
_c52527 _d52527 |
||